A Series of Unfortunate Events -All Books - Statistics

General Stats
  • This quiz has been taken 74 times
  • The average score is 11 of 13
Answer Stats
# Book Or % Correct
1 The Bad Beginning Book the First
97%
2 The Reptile Room Book the Second
95%
13 The End Book the Thirteenth
92%
3 The Wide Window Book the Third
88%
5 The Austere Academy Book the Fifth
86%
7 The Vile Village Book the Seventh
86%
4 The Miserable Mill Book the Fourth
85%
6 The Ersatz Elevator Book the Sixth
83%
12 The Penultimate Peril Book the Twelfth
80%
9 The Carnivorous Carnival Book the Ninth
78%
10 The Slippery Slope Book the Tenth
77%
8 The Hostile Hospital Book the Eighth
75%
11 The Grim Grotto Book the Eleventh
74%
No matching quizzes found
Score Distribution
Percent of People with Each Score
Percentile by Number Answered
Your Score History
You have not taken this quiz